Регионална библиотека "Любен Каравелов" - Русе

Symphonie (Запис номер 301887)

MARC детайли
000 -Лидер
Контролно поле с фиксирана дължина 01020ncm a2200313 c 4500
003 - Код на организацията, давaща контролен номер
Контролно поле BLK
005 - Дата и час на последна редакция
Контролно поле 20200404060615.0
008 - Елементи от данни с фиксирана дължина
fixed length control field 180414b bul |a|er|||| |0| c|bulo|
010 ## - Наследен системен номер
LC control number NOT00001290000
040 ## - Източник на каталожния запис
Идентификатор на билиотеката - собственик на записа BLK
041 ## - Код за език
Код за езика на текст/звукозапис или на отделно заглавие Немски
Код за езика КДБФ Немски
080 ## - УДК
Текстов определител УДК Симфонии. За симфоничен оркестър
УДК код - определител по УДК 785.11.082.1
УДК - код + определител 785.11.082.1
100 1# - Редна дума - Автор
Автор Бетовен, Лудвиг ван
Авторска отговорност първи автор
R(LIN) 38790
139 ## - Редно поле
Редна дума Бетовен, Лудвиг ван
Авторски знак Бет - Б 42
245 10 - Сведения за заглавието
Заглавие Symphonie
Подзаглавни данни Nr.9 : d-moll
Редно поле (дума) Лудвиг ван Бетовен; rev. Max Unger; * Ludwig van Beethoven.
Версия Op.125
254 ## - Сведения за формата на нотното издание
Формат на описваните ноти Партитура
257 ## - Страна на издаване
Страна на създаване/издаване Германия
260 ## - Област на издателските данни
Име на издателя, разпространителя и проч. Peters 509
Година на издаване S.a
300 ## - Физическа характеристика
Страници 284 с
Размери/Мащаб 19 см
380 ## - Жанр
Жанр Изкуство
650 #4 - Допълнително описание по предмет – тема
Основно описание – тема или топоним Симфонии
9 (RLIN) 170960
700 1# - Други автори (авторска отговорност)
Лично име Unger, Max
Автороска отговорност (Описва отношението между автора и произведението) rev.
9 (RLIN) 361942
700 1# - Други автори (авторска отговорност)
Лично име Beethoven, Ludwig van
Автороска отговорност (Описва отношението между автора и произведението) *
9 (RLIN) 4813
852 ## - Местоположение
Форматна сигнатура ЦБ М 1310
Част 0
856 4# - Електронен адрес и достъп
Електронен формат pdf - файл
Път до файла /url/
856 4# - Електронен адрес и достъп
Електронен формат pdf - файл
Път до файла /url/
999 ## - СИСТЕМНИ КОНТРОЛНИ НОМЕРА
Koha biblionumber 301887
Koha biblioitemnumber 301887
942 ## - АРТИКУЛИ
Вид на библиотечния материал Нотни издания
Скрит в OPAC Не
Периодичен библиозапис Да
944 ## - СЪЗДАВАНЕ И РЕДАКЦИЯ на ЗАПИСА
Създаване/Редакция Създаване
Дата на регистрацията/редакция 15.06.2005
Служител, извършил регистрацията/редакцията Ирена_Линкова
944 ## - СЪЗДАВАНЕ И РЕДАКЦИЯ на ЗАПИСА
Създаване/Редакция Редакция
Дата на регистрацията/редакция 22.02.2006
944 ## - СЪЗДАВАНЕ И РЕДАКЦИЯ на ЗАПИСА
Създаване/Редакция Редакция
Дата на регистрацията/редакция 2020-04-04
Служител, извършил регистрацията/редакцията Ренета Константинова
999 ## - СИСТЕМНИ КОНТРОЛНИ НОМЕРА
Koha biblioitemnumber 301887
Наличности
Код за отписване Код за изгубен артикул Източник на класификационната схема Код за повреда Коз за рестрикции Код за отдаване Артикулен № Име на библиотеката - собственик Име на библиотеката, в която се намира в момента Статус (Текущо местоположение) Дата на вписване в системата Местоположение - отдел Цена в лева Инвентарен номер Систематично азбучна сигнатура Баркод Номер на екземпляра Цена в евро Служебна бележка Служебен тип на артикула
  Не е изгубен Universal Decimal Classification Не е повреден само за читалня ползва се в читалня 653236 Регионална библиотека "Любен Каравелов" Русе Регионална библиотека "Любен Каравелов" Русе Хранилище 1973-01-01 Хранилище 1.60 188816 Цб М 1310 120000188816 1 0.82 Дост: Pk Вид: Ф N: стар фонд Дата: 01.01.1973 Нотни издания
  Не е изгубен Universal Decimal Classification Не е повреден само за читалня ползва се в читалня 653237 Регионална библиотека "Любен Каравелов" Русе Регионална библиотека "Любен Каравелов" Русе Хранилище 1989-01-01 Хранилище 0.01 662/89 Цб М 1310 900000002995 2 0.01 Дост: Pk Вид: Ф N: стар фонд Дата: 01.01.1989 Нотни издания
  Не е изгубен Universal Decimal Classification Не е повреден без рестрикции заемане за дома 653238 Регионална библиотека "Любен Каравелов" Русе Регионална библиотека "Любен Каравелов" Русе Отдел Изкуство - подръчен фонд 1963-01-01 Отдел Изкуство - подръчен фонд 1.00 4926/63 785.1/Б 42 Л 900000001948 3 0.51 Дост: Pk Вид: Ф N: стар фонд Дата: 01.01.1963 Нотни издания
Изтеглен Не е изгубен Universal Decimal Classification Не е повреден без рестрикции заемане за дома 653239 Регионална библиотека "Любен Каравелов" Русе Регионална библиотека "Любен Каравелов" Русе Отдел Изкуство - подръчен фонд 1976-01-01 Отдел Изкуство - подръчен фонд 0.01 214691 МП 1310 214691 4 0.01 Дост: Pk Вид: Ф N: стар фонд Дата: 01.01.1976 Нотни издания
  Не е изгубен Universal Decimal Classification Не е повреден без рестрикции заемане за дома 653240 Регионална библиотека "Любен Каравелов" Русе Регионална библиотека "Любен Каравелов" Русе Отдел Изкуство - подръчен фонд 1995-01-01 Отдел Изкуство - подръчен фонд 0.18 2033/95 785.1/Б 42 Л 900000001949 5 0.09 Дост: Pk Вид: Ф N: стар фонд Дата: 01.01.1995 Нотни издания
Vip Innovations Ltd, Rousse, Bulgaria 2025